Bài giảng kỹ năng phổ biến pháp luật Theo chương trình bồi dưỡng: Phổ biến kiến thức giáo dục pháp luật cho giáo viên dạy học môn giáo dục công dân. Lưu hành nội bộ
Kaydedildi:
| Yazar: | |
|---|---|
| Materyal Türü: | Kitap |
| Baskı/Yayın Bilgisi: |
Đồng Tháp
|
| Konular: | |
| Etiketler: |
Etiketle
Etiket eklenmemiş, İlk siz ekleyin!
|
| Thư viện lưu trữ: | Trung tâm Học liệu Lê Vũ Hùng, Trường Đại học Đồng Tháp |
|---|
| LEADER | 01014pam a22002658a 4500 | ||
|---|---|---|---|
| 001 | 00040103 | ||
| 005 | 20171026081025.0 | ||
| 008 | 171018s ||||||Viesd | ||
| 041 | 0 | # | |a Vie |
| 082 | 1 | 4 | |a 342.597 |b B103GI |
| 100 | 1 | # | |a Lương, Thanh Tân |
| 245 | 1 | 0 | |a Bài giảng kỹ năng phổ biến pháp luật |c Lương, Thanh Tân |b Theo chương trình bồi dưỡng: Phổ biến kiến thức giáo dục pháp luật cho giáo viên dạy học môn giáo dục công dân. Lưu hành nội bộ |
| 260 | # | # | |a Đồng Tháp |
| 300 | # | # | |a 26 tr. |c 28 cm |
| 500 | # | # | |a ĐTTS ghi: Trường Đại học Đồng Tháp |
| 653 | # | # | |a Giáo dục |
| 653 | # | # | |a Việt Nam |
| 653 | # | # | |a Phỏ biến |
| 653 | # | # | |a Pháp luật |
| 653 | # | # | |a Kỹ năng |
| 852 | # | # | |j KD.0022634 |
| 852 | # | # | |b Kho đọc |j KD.0022634 |
| 910 | |d 18/10/2017 | ||
| 980 | # | # | |a Trung tâm Học liệu Lê Vũ Hùng, Trường Đại học Đồng Tháp |